00779nam a2200241 a 450000100060000000300080000600500170001400800410003103500200007204000270009204100080011908200220012710000170014924501170016626000480028330000250033150000190035660000350037560000380041060000350044860000320048370000220051556582BD-RjUL20211209080419.0161201s1968 enk b 000 0 eng  a(BD-RjUL) 56706 aDLCcDLCdBD-RjULbeng aeng00a190223bNAF 19681 aNæss, Arne.10aFour modern philosophers :bCarnap, Wittgenstein, Heidegger, Sartre /cArne Næss, Translated by Alastair Hannay aLondon :bUniversity of Chicago Pressc1968 axiii, 367 p.c21 cm. aIncludes Index10aHeidegger, Martin,d1889-1976.10aWittgenstein, Ludwig,d1889-1951.10aSartre, Jean-Paul,d1905-1980.10aCarnap, Rudolf,d1891-1970. aHannay, Alastair